000 00691nam a22001815i 4500
001 68773
003 ES-MaACL
005 20230906170346.0
007 t|
008 940202m18811886sp ||||1| spa d
040 _aAS
_bspa
100 1 _aGillman, Federico.
_956982
245 1 0 _aEnciclopedia popular ilustrada de ciencias y artes /
_cformada con arreglo a la Enciclopedia iconográfica y el Conversations lexicon de Alemania por Federico Gillman.
260 _aMadrid :
_bGras y Compañía,
_c1881-1886 (
_fEnrique Rubiños)
300 _a9 v. :
_bil. ;
_c27 cm.
505 8 _aContiene 4 v. de texto, 4 v. de atlas y 1 v. de indice
852 _aES-MaACL
_jB-11818-25
_q. - Falta el vol. 1
999 _c68773
_d68773